[Event "Thüringenliga 2014/2015"]
[Site "?"]
[Date "2014.12.21"]
[Round "5"]
[White "Troyke, Doreen"]
[Black "Schmidt, Frank"]
[Result "0-1"]
[WhiteElo "1978"]
[BlackElo "1937"]
[PlyCount "70"]
[EventDate "2014.??.??"]
[WhiteTeam "Erfurter Schachklub"]
[BlackTeam "ESV Gera"]

1. c4 Nf6 2. g3 g6 3. Bg2 Bg7 4. Nc3 O-O 5. Nf3 d6 6. O-O e5 7. d3 Nc6 8. Rb1
Bf5 9. e4 Bg4 10. h3 Bxf3 11. Bxf3 Nd4 12. Bg2 c6 13. Be3 Ne6 14. Qd2 Nh5 15.
Ne2 f5 16. f4 exf4 17. gxf4 Qh4 18. b4 Bh6 19. b5 fxe4 20. dxe4 Nhxf4 21. bxc6
bxc6 22. Nxf4 Nxf4 23. Rf3 Nxg2 24. Rxf8+ Bxf8 25. Qxg2 Re8 26. Bxa7 Qxe4 27.
Qxe4 Rxe4 28. Rc1 Re2 29. a3 c5 30. Bb8 Ra2 31. Rc3 Kf7 32. Rf3+ Ke7 33. Bxd6+
Kxd6 34. Rxf8 Rxa3 35. Rd8+ Kc7 0-1

[Event "Thüringenliga 2014/2015"]
[Site "?"]
[Date "2014.12.21"]
[Round "5"]
[White "Hilbig, Dieter"]
[Black "Fischer, Dieter"]
[Result "1/2-1/2"]
[WhiteElo "1898"]
[BlackElo "1903"]
[PlyCount "63"]
[EventDate "2014.??.??"]
[WhiteTeam "ESV Gera"]
[BlackTeam "Erfurter Schachklub"]

1. e4 d5 2. exd5 Nf6 3. d4 Nxd5 4. Nf3 g6 5. h3 Bg7 6. Bc4 O-O 7. O-O Nc6 8. c3
a6 9. a4 b6 10. Bg5 h6 11. Bh4 Bb7 12. Re1 Re8 13. Nbd2 Qd7 14. Bg3 e6 15. Nf1
Nf6 16. Qc2 Nh5 17. Bh2 Na5 18. Be2 c5 19. Rad1 cxd4 20. Nxd4 Bd5 21. Ne3 Nf6
22. Nxd5 Nxd5 23. Nf3 Qc8 24. Ne5 Nc6 25. Nxc6 Qxc6 26. c4 Qc5 27. Rd2 Nb4 28.
Qb3 Rad8 29. Red1 Rxd2 30. Rxd2 Nc6 31. Bd6 Nd4 32. Qb4 1/2-1/2

[Event "Thüringenliga 2014/2015"]
[Site "?"]
[Date "2014.12.21"]
[Round "5"]
[White "Steinmüller, Johannes"]
[Black "Seinsoth, Paul"]
[Result "1-0"]
[WhiteElo "1715"]
[BlackElo "1133"]
[PlyCount "59"]
[EventDate "2014.??.??"]
[WhiteTeam "ESV Gera"]
[BlackTeam "Erfurter Schachklub"]

1. e4 c5 2. Nf3 d6 3. d4 cxd4 4. Nxd4 Nc6 5. Nc3 Nf6 6. Be2 e5 7. Nb3 Be6 8.
Bg5 Be7 9. Bxf6 Bxf6 10. Nd5 O-O 11. c3 Bg5 12. Bg4 a5 13. a4 Qc8 14. Bxe6 fxe6
15. Nb6 Qd8 16. Nxa8 Qf6 17. O-O Rxa8 18. Qxd6 Ra6 19. Nc5 Ra7 20. Qxe6+ Qxe6
21. Nxe6 Be7 22. Nc7 Kf7 23. Nb5 Ra8 24. Rad1 Rd8 25. Rxd8 Bxd8 26. Rd1 Bb6 27.
Rd7+ Kf6 28. Rxb7 Bd8 29. Nc7 Kg6 30. Rb6 1-0

[Event "Thüringenliga 2014/2015"]
[Site "?"]
[Date "2014.12.21"]
[Round "5"]
[White "August, Christian"]
[Black "Kupper, Matthias"]
[Result "1/2-1/2"]
[WhiteElo "1961"]
[BlackElo "1738"]
[PlyCount "28"]
[EventDate "2014.??.??"]
[WhiteTeam "Erfurter Schachklub"]
[BlackTeam "ESV Gera"]

1. d4 d5 2. Nc3 Nf6 3. Bg5 e6 4. e4 dxe4 5. Nxe4 Be7 6. Bxf6 Bxf6 7. Nf3 b6 8.
Bd3 Bb7 9. c3 Nd7 10. Qe2 Qe7 11. O-O O-O 12. Ng3 Rad8 13. Be4 Bxe4 14. Qxe4 c5
1/2-1/2

[Event "Thüringenliga 2014/2015"]
[Site "?"]
[Date "2014.12.21"]
[Round "5"]
[White "Darr, Sascha"]
[Black "Siebarth, Raiko"]
[Result "0-1"]
[WhiteElo "2105"]
[BlackElo "2224"]
[PlyCount "79"]
[EventDate "2014.??.??"]
[WhiteTeam "SV Jenapharm Jena"]
[BlackTeam "SG Blau-Weiß Stadtilm"]

1. e4 c5 2. Nf3 d6 3. d4 cxd4 4. Nxd4 Nf6 5. Nc3 a6 6. h3 e5 7. Nde2 h5 8. Bg5
Be6 9. Nd5 Bxd5 10. exd5 Qa5+ 11. Nc3 Ne4 12. Bd2 Nxd2 13. Qxd2 g6 14. Ne4
Qxd2+ 15. Nxd2 Nd7 16. c4 f5 17. Be2 Rc8 18. g3 Bg7 19. Rg1 e4 20. g4 hxg4 21.
hxg4 Kf7 22. gxf5 gxf5 23. Nf1 Bxb2 24. Rb1 Bc3+ 25. Kd1 Nc5 26. Ng3 f4 27. Nf5
Be5 28. Bg4 Rcd8 29. Ke2 Kf6 30. Rh1 Rdg8 31. f3 b5 32. cxb5 axb5 33. Kf2 Ra8
34. Rxh8 Rxh8 35. Rxb5 Rh2+ 36. Kg1 Rxa2 37. Rb8 e3 38. Nh4 e2 39. Rb1 Bd4+ 40.
Kh2 0-1

[Event "Thüringenliga 2014/2015"]
[Site "?"]
[Date "2014.12.21"]
[Round "5"]
[White "Schneider, Christian"]
[Black "Wicklein, Stefan"]
[Result "1/2-1/2"]
[WhiteElo "2198"]
[BlackElo "1972"]
[PlyCount "131"]
[EventDate "2014.??.??"]
[WhiteTeam "SG Blau-Weiß Stadtilm"]
[BlackTeam "SV Jenapharm Jena"]

1. c4 e5 2. g3 Nc6 3. Bg2 f5 4. e3 Nf6 5. Nc3 d5 6. Nxd5 Nxd5 7. cxd5 Nb4 8. d3
Nxd5 9. a3 c6 10. Ne2 Bd6 11. O-O Qe7 12. e4 Nf6 13. Bg5 O-O 14. Kh1 Qf7 15.
Qd2 Qh5 16. Bxf6 Rxf6 17. f4 Rh6 18. h4 fxe4 19. dxe4 Bg4 20. Rae1 Bxe2 21.
Qxe2 Qxe2 22. Rxe2 exf4 23. e5 Re8 24. Rxf4 Rxe5 25. Rxe5 Bxe5 26. Rb4 b6 27.
Kh2 Rd6 28. Rc4 c5 29. b3 Rd3 30. Rg4 Kf8 31. b4 Rxa3 32. b5 Ke7 33. Bc6 a6 34.
bxa6 Rxa6 35. Re4 Kd6 36. Be8 Ra3 37. Rg4 Rb3 38. Bf7 Rb2+ 39. Kh3 b5 40. Bg8
h6 41. Rg6+ Kc7 42. Bd5 c4 43. Rc6+ Kd7 44. Kg4 Rb3 45. Kf5 Bxg3 46. Rg6 Bxh4
47. Be6+ Kc7 48. Rxg7+ Kd6 49. Rg4 Rf3+ 50. Ke4 Rc3 51. Rxh4 Kxe6 52. Rxh6+ Kd7
53. Kd4 Rb3 54. Kd5 Re3 55. Kc5 Re5+ 56. Kb4 Kc7 57. Rg6 Rd5 58. Rh6 Rf5 59.
Rg6 Kd7 60. Rh6 Re5 61. Rg6 Kc7 62. Rh6 Rd5 63. Rg6 Rd6 64. Rg7+ Kb6 65. Rg5 c3
66. Rxb5+ 1/2-1/2

[Event "Thüringenliga 2014/2015"]
[Site "?"]
[Date "2014.12.21"]
[Round "5"]
[White "August, Daniel"]
[Black "Siebarth, Marco"]
[Result "1/2-1/2"]
[WhiteElo "1985"]
[BlackElo "1976"]
[PlyCount "78"]
[EventDate "2014.??.??"]
[WhiteTeam "SV Jenapharm Jena"]
[BlackTeam "SG Blau-Weiß Stadtilm"]

1. c4 c6 2. g3 d5 3. Nf3 Nf6 4. Bg2 e6 5. O-O Be7 6. d4 O-O 7. Nc3 Nbd7 8. b3
b6 9. Bf4 Bb7 10. Ne5 Nxe5 11. Bxe5 Nd7 12. Bf4 g5 13. Be3 f5 14. f3 Bf6 15.
Rc1 Qe7 16. Qd2 Rac8 17. Rfe1 Rfd8 18. cxd5 cxd5 19. Rc2 Qg7 20. Bf2 Nb8 21. e3
Nc6 22. a3 Na5 23. b4 Nc4 24. Qc1 Re8 25. Kh1 h5 26. e4 Kh7 27. exd5 exd5 28.
Rxe8 Rxe8 29. Re2 Rxe2 30. Nxe2 Qe7 31. Nc3 Qe6 32. Bf1 Nd6 33. Nb5 Nxb5 34.
Bxb5 g4 35. Qc7+ Qe7 36. Qxe7+ Bxe7 37. Kg2 Bg5 38. Bd7 Kg6 39. Be8+ Kh6
1/2-1/2

[Event "Thüringenliga 2014/2015"]
[Site "?"]
[Date "2014.12.21"]
[Round "5"]
[White "George, Tom"]
[Black "Wolf, Isaak"]
[Result "1-0"]
[WhiteElo "1884"]
[BlackElo "1966"]
[PlyCount "47"]
[EventDate "2014.??.??"]
[WhiteTeam "SG Blau-Weiß Stadtilm"]
[BlackTeam "SV Jenapharm Jena"]

1. e4 e5 2. Nf3 Nc6 3. Bb5 f5 4. Nc3 Nf6 5. exf5 Bc5 6. O-O O-O 7. Nxe5 Nd4 8.
Nf3 Nxf5 9. d4 Bb6 10. Re1 d5 11. Bf4 Nd6 12. Bxd6 Qxd6 13. h3 c6 14. Bd3 Bc7
15. Ne5 Be6 16. Na4 Rae8 17. Nc5 Bc8 18. c3 b6 19. Nb3 c5 20. Nd2 cxd4 21. cxd4
Qb4 22. Qc2 Qd6 23. Ndf3 g6 24. Bxg6 1-0

[Event "Thüringenliga 2014/2015"]
[Site "?"]
[Date "2014.12.21"]
[Round "5"]
[White "Zipfel, Frank"]
[Black "Berner, Stephan"]
[Result "1-0"]
[WhiteElo "1978"]
[BlackElo "1870"]
[PlyCount "87"]
[EventDate "2014.??.??"]
[WhiteTeam "SV Jenapharm Jena"]
[BlackTeam "SG Blau-Weiß Stadtilm"]

1. Nf3 d5 2. g3 Nf6 3. Bg2 c6 4. O-O Bg4 5. d3 Nbd7 6. Qe1 Qc7 7. e4 dxe4 8.
dxe4 e5 9. h3 Be6 10. b3 h6 11. Bb2 O-O-O 12. Nbd2 Bc5 13. Qe2 Nh7 14. a3 f6
15. b4 Be7 16. Nh4 Rhg8 17. Nf5 Bf8 18. Kh2 g6 19. Ne3 Ng5 20. h4 Nf7 21. c4 h5
22. Rac1 Nh6 23. Nd5 Qb8 24. Bh3 Bxh3 25. Kxh3 b6 26. Ne3 Qd6 27. c5 Qe6+ 28.
Kg2 b5 29. a4 a6 30. Ra1 Nb8 31. axb5 axb5 32. Ra8 Rg7 33. Rfa1 Rgd7 34. Nf3
Ng4 35. R1a6 Nxe3+ 36. Qxe3 Rb7 37. Qa3 Kd7 38. R6a7 Rxa7 39. Qxa7+ Ke8 40.
Rxb8 Rxb8 41. Qxb8+ Kf7 42. Bxe5 Be7 43. Qc7 Kg8 44. Bd6 1-0

[Event "Thüringenliga 2014/2015"]
[Site "?"]
[Date "2014.12.21"]
[Round "5"]
[White "Schröter, Maik"]
[Black "Mucha, Annegret"]
[Result "0-1"]
[WhiteElo "1801"]
[BlackElo "1991"]
[PlyCount "70"]
[EventDate "2014.??.??"]
[WhiteTeam "SG Blau-Weiß Stadtilm"]
[BlackTeam "SV Jenapharm Jena"]

1. e4 c5 2. Nf3 Nc6 3. d4 cxd4 4. Nxd4 g6 5. Nc3 Bg7 6. Be3 Qa5 7. Be2 Nf6 8.
O-O O-O 9. f4 d6 10. Bf3 Bd7 11. Qd2 Ng4 12. Nxc6 bxc6 13. Bxg4 Bxg4 14. f5
gxf5 15. h3 f4 16. Nd5 Qxd2 17. Nxe7+ Kh8 18. Bxd2 Be6 19. Bxf4 Bxb2 20. Rad1
Bxa2 21. Bxd6 Rfe8 22. e5 a5 23. Rf2 a4 24. c3 a3 25. e6 Rxe7 26. Bxe7 Bxe6 27.
Rf3 h6 28. c4 a2 29. Ba3 Bxa3 30. Rb3 Bc5+ 31. Kh1 a1=Q 32. Rxa1 Rxa1+ 33. Kh2
Bd6+ 34. g3 Ra2+ 35. Kg1 Bc5+ 0-1

[Event "Thüringenliga 2014/2015"]
[Site "?"]
[Date "2014.12.21"]
[Round "5"]
[White "Mißbach, Bernd"]
[Black "Schmidt, Daniel"]
[Result "1-0"]
[WhiteElo "1964"]
[BlackElo "1795"]
[PlyCount "79"]
[EventDate "2014.??.??"]
[WhiteTeam "SV Jenapharm Jena"]
[BlackTeam "SG Blau-Weiß Stadtilm"]

1. Nf3 d5 2. g3 Nf6 3. Bg2 c5 4. c4 d4 5. d3 Nc6 6. O-O e6 7. Na3 Be7 8. Nc2
O-O 9. Bd2 Qd6 10. Rb1 a5 11. b3 Ra7 12. a3 b6 13. b4 axb4 14. axb4 Bb7 15. b5
Na5 16. Bf4 Qd7 17. Qc1 Rfa8 18. Rb2 Bd6 19. Qd2 Ne8 20. Bxd6 Qxd6 21. Rfb1 e5
22. Nce1 e4 23. Ng5 exd3 24. exd3 Bxg2 25. Nxg2 Qf6 26. Re1 Nd6 27. Ne4 Nxe4
28. Rxe4 Re7 29. Qe1 Rae8 30. Rbe2 Rxe4 31. Rxe4 Rxe4 32. Qxe4 g6 33. Nf4 Kg7
34. Nd5 Qd6 35. f4 Nb3 36. Kf2 Nc1 37. Ke1 f5 38. Qf3 Nb3 39. Kd1 Na5 40. Qe2 {
ZÜ} 1-0

[Event "Thüringenliga 2014/2015"]
[Site "?"]
[Date "2014.12.21"]
[Round "5"]
[White "Werner, Justus"]
[Black "Kloß, Thomas"]
[Result "1-0"]
[WhiteElo "1817"]
[BlackElo "1905"]
[PlyCount "75"]
[EventDate "2014.??.??"]
[WhiteTeam "SG Blau-Weiß Stadtilm"]
[BlackTeam "SV Jenapharm Jena"]

1. c4 e5 2. g3 Nf6 3. Bg2 Nc6 4. Nc3 Bb4 5. e3 Bxc3 6. bxc3 O-O 7. d4 e4 8. Ba3
Re8 9. c5 b6 10. Qa4 Na5 11. c4 d5 12. cxd6 cxd6 13. Rc1 Bd7 14. Qb4 d5 15. c5
Nc4 16. Qc3 Bb5 17. Ne2 Qd7 18. Rc2 bxc5 19. Bxc5 Rab8 20. O-O Ba4 21. Rcc1 Rb2
22. Nf4 Rxa2 23. Bh3 Qb7 24. Rb1 Qa6 25. Rfc1 Nd2 26. Rb2 Nf3+ 27. Kh1 Rxb2 28.
Qxb2 g5 29. Bf1 Qa5 30. Ng2 Nd2 31. Bb4 Qb6 32. Qxd2 Ng4 33. Bc5 Qf6 34. Kg1
Qh6 35. h4 Bd7 36. Ra1 Re6 37. Rxa7 Rf6 38. Ra8+ 1-0

[Event "Thüringenliga 2014/2015"]
[Site "?"]
[Date "2014.12.21"]
[Round "5"]
[White "Wegerich, Michael"]
[Black "Hermannsdörfer, Frank"]
[Result "1-0"]
[WhiteElo "1959"]
[BlackElo "2100"]
[PlyCount "113"]
[EventDate "2014.??.??"]
[WhiteTeam "SV Ammern"]
[BlackTeam "SV 1861 Liebschwitz"]

1. e4 d6 2. Nf3 Nf6 3. Nc3 e5 4. d4 exd4 5. Nxd4 Be7 6. Be2 O-O 7. O-O Re8 8.
Bf3 Nbd7 9. Bf4 Ne5 10. Bxe5 dxe5 11. Nb3 c6 12. Qxd8 Rxd8 13. Rad1 Be6 14. a3
Nd7 15. Be2 a5 16. Nd2 Nb6 17. Nf3 f6 18. h3 Kf7 19. Rxd8 Rxd8 20. Rd1 Rb8 21.
Rb1 Nd7 22. a4 Bb4 23. Nd1 Bc5 24. c3 Bb3 25. Ra1 Nb6 26. Nd2 Bc2 27. Kf1 Rd8
28. Ke1 Nxa4 29. Nc4 b6 30. Nde3 Bxe3 31. Nxe3 Bb3 32. Bc4+ Bxc4 33. Nxc4 b5
34. Nxa5 Rd6 35. Rb1 Nc5 36. f3 Nd3+ 37. Kf1 Nf4 38. Nb3 Rd3 39. Ra1 b4 40. Rc1
bxc3 41. Rxc3 Rd1+ 42. Kf2 Rb1 43. Rc2 Rxb2 44. Rxb2 Nd3+ 45. Ke2 Nxb2 46. Na5
c5 47. Kd2 Na4 48. Nc4 Kg6 49. Kc2 Kg5 50. g3 f5 51. Kb3 h5 52. h4+ Kf6 53.
Kxa4 f4 54. gxf4 exf4 55. Kb5 g5 56. hxg5+ Kxg5 57. Kxc5 1-0

[Event "Thüringenliga 2014/2015"]
[Site "?"]
[Date "2014.12.21"]
[Round "5"]
[White "Zeidler, Andreas"]
[Black "Schorch, Rüdiger"]
[Result "1/2-1/2"]
[WhiteElo "2163"]
[BlackElo "1882"]
[PlyCount "86"]
[EventDate "2014.??.??"]
[WhiteTeam "SV 1861 Liebschwitz"]
[BlackTeam "SV Ammern"]

1. d4 d5 2. c4 c6 3. Nf3 Nf6 4. Nc3 g6 5. Bf4 Bg7 6. e3 O-O 7. Be2 a6 8. a4 a5
9. O-O Na6 10. h3 Nb4 11. Ne5 Bf5 12. Rc1 Rc8 13. g4 Be6 14. c5 Nd7 15. Nd3
Nxd3 16. Bxd3 f5 17. f3 fxg4 18. fxg4 Bf7 19. Bg5 Qe8 20. Rf2 e5 21. Bf1 h6 22.
Bh4 exd4 23. exd4 Qe3 24. Ne2 g5 25. Rc3 Qe6 26. Bg3 Nf6 27. Bg2 Ne4 28. Bxe4
dxe4 29. Bd6 e3 30. Rf3 Rfe8 31. Qf1 Bg6 32. Rcxe3 Qxe3+ 33. Rxe3 Rxe3 34. Qf2
Re4 35. Be5 Bxe5 36. dxe5 Rf8 37. Qe1 Rxe5 38. Qd2 Rd5 39. Qc1 Rfd8 40. Nc3 Rd3
41. Qe1 Re8 42. Qf2 Rf8 43. Qe2 Re8 1/2-1/2

[Event "Thüringenliga 2014/2015"]
[Site "?"]
[Date "2014.12.21"]
[Round "5"]
[White "Breuer, Harald"]
[Black "Gerhardt, Frank"]
[Result "0-1"]
[WhiteElo "1850"]
[BlackElo "2022"]
[PlyCount "78"]
[EventDate "2014.??.??"]
[WhiteTeam "SV Ammern"]
[BlackTeam "SV 1861 Liebschwitz"]

1. e4 c5 2. c3 Nf6 3. e5 Nd5 4. d4 cxd4 5. Nf3 Nc6 6. cxd4 d6 7. exd6 Qxd6 8.
Nc3 Nxc3 9. bxc3 g6 10. Bc4 Bg7 11. O-O O-O 12. Re1 a6 13. a4 Re8 14. Ng5 Nd8
15. Qf3 Qf6 16. Qg3 Bf5 17. Ba2 Rc8 18. Bf4 h6 19. Ne4 Bxe4 20. Rxe4 Qc6 21.
Re3 e6 22. Rae1 Qxa4 23. Bb1 Qc4 24. Bxg6 fxg6 25. Qxg6 Re7 26. Bxh6 Qc6 27.
Rg3 Rcc7 28. Bf4 e5 29. Bxe5 Qxg6 30. Rxg6 Rxc3 31. h4 Kh7 32. Rg5 Nc6 33. Rh5+
Kg8 34. f4 Nxd4 35. Rd1 Rc1 36. Rxc1 Ne2+ 37. Kh2 Nxc1 38. Rg5 Nd3 39. Ba1 Nxf4
0-1

[Event "Thüringenliga 2014/2015"]
[Site "?"]
[Date "2014.12.21"]
[Round "5"]
[White "Kastner, Peter"]
[Black "Salaske, Peter"]
[Result "1/2-1/2"]
[WhiteElo "1974"]
[BlackElo "1844"]
[PlyCount "26"]
[EventDate "2014.??.??"]
[WhiteTeam "SV 1861 Liebschwitz"]
[BlackTeam "SV Ammern"]

1. e4 d5 2. exd5 Qxd5 3. Nc3 Qd6 4. d4 Nf6 5. Nf3 a6 6. h3 e6 7. Be3 Be7 8. Qd2
b5 9. a3 Bb7 10. Be2 Nbd7 11. O-O O-O 12. Bf4 Qb6 13. Ne5 Rad8 1/2-1/2

[Event "Thüringenliga 2014/2015"]
[Site "?"]
[Date "2014.12.21"]
[Round "5"]
[White "Kurze, Christoph"]
[Black "Weiß, Werner"]
[Result "1/2-1/2"]
[WhiteElo "1801"]
[BlackElo "2011"]
[PlyCount "129"]
[EventDate "2014.??.??"]
[WhiteTeam "SV Ammern"]
[BlackTeam "SV 1861 Liebschwitz"]

1. e4 d6 2. d4 Nf6 3. Nc3 c6 4. Bg5 Nbd7 5. Nf3 Qa5 6. Qd2 e5 7. Be2 Be7 8. a3
O-O 9. b4 Qc7 10. O-O Re8 11. h3 Nf8 12. Rfd1 Bd7 13. Bxf6 Bxf6 14. d5 c5 15.
b5 Qa5 16. Nb1 Bd8 17. a4 f5 18. Qe3 fxe4 19. Nfd2 Bf5 20. Nxe4 Qc7 21. Nbd2
Ng6 22. Bh5 Rf8 23. Bg4 Bxg4 24. hxg4 Rf4 25. g3 Rf7 26. Rf1 Qd7 27. f3 Be7 28.
Nc4 Raf8 29. Kg2 h6 30. Rad1 Nh8 31. g5 hxg5 32. Nxg5 Bxg5 33. Qxg5 Rf5 34. Qg4
Nf7 35. Ne3 Nh6 36. Qh3 R5f7 37. Qxd7 Rxd7 38. Nc4 Nf5 39. c3 Rf6 40. Rde1 Ne7
41. Rd1 Rg6 42. Ne3 Rg5 43. f4 exf4 44. Rxf4 Re5 45. Kf3 Ng6 46. Nc4 Rh5 47.
Re4 Ne7 48. Ne3 Nf5 49. Nxf5 Rxf5+ 50. Kg4 Rf6 51. Rd3 Rg6+ 52. Kf5 Rf6+ 53.
Kg5 Kf7 54. Rde3 Rg6+ 55. Kf5 Rf6+ 56. Kg4 Rg6+ 57. Kf3 Rf6+ 58. Rf4 Re7 59.
Rxe7+ Kxe7 60. g4 g5 61. Rf5 Kf7 62. Ke4 Kg6 63. Rxf6+ Kxf6 64. c4 b6 65. Kf3
1/2-1/2

[Event "Thüringenliga 2014/2015"]
[Site "?"]
[Date "2014.12.21"]
[Round "5"]
[White "Biel, Maik"]
[Black "Hentrich, Jörg"]
[Result "1-0"]
[WhiteElo "1939"]
[BlackElo "1755"]
[PlyCount "53"]
[EventDate "2014.??.??"]
[WhiteTeam "SV 1861 Liebschwitz"]
[BlackTeam "SV Ammern"]

1. d4 Nf6 2. c4 g6 3. Nc3 Bg7 4. e4 d6 5. Nf3 O-O 6. Be2 c5 7. d5 Na6 8. O-O
Rb8 9. Ne1 Nc7 10. a4 a6 11. f4 h5 12. h3 Bd7 13. e5 Nfe8 14. Nf3 b5 15. axb5
axb5 16. Qc2 bxc4 17. Bxc4 Bf5 18. Qe2 e6 19. Rd1 exd5 20. Nxd5 Nxd5 21. Bxd5
Qe7 22. Re1 Nc7 23. Ra7 Rfe8 24. Ng5 Be6 25. Nxe6 fxe6 26. Be4 Kf7 27. Qd3 1-0

[Event "Thüringenliga 2014/2015"]
[Site "?"]
[Date "2014.12.21"]
[Round "5"]
[White "Hensel, Thomas"]
[Black "Birke, Andreas"]
[Result "0-1"]
[WhiteElo "1482"]
[BlackElo "2100"]
[PlyCount "58"]
[EventDate "2014.??.??"]
[WhiteTeam "SV Ammern"]
[BlackTeam "SV 1861 Liebschwitz"]

1. c4 c5 2. Nc3 Nc6 3. g3 g6 4. Bg2 Bg7 5. Nf3 d6 6. d3 Nh6 7. e4 O-O 8. O-O a6
9. Rb1 Rb8 10. Re1 Ng4 11. Bf4 b5 12. Qd2 bxc4 13. dxc4 Nd4 14. h3 Ne5 15. Nxd4
cxd4 16. Bxe5 dxe5 17. Nd5 a5 18. c5 Be6 19. b4 f5 20. f3 Bxd5 21. exd5 Qxd5
22. bxa5 Qxc5 23. a6 Qa3 24. Rb7 Qxa6 25. Rxe7 Qd6 26. Ra7 Rfc8 27. Bf1 Rc3 28.
Be2 e4 29. Qg5 d3 0-1

[Event "Thüringenliga 2014/2015"]
[Site "?"]
[Date "2014.12.21"]
[Round "5"]
[White "Müller, Berthold"]
[Black "Schadeberg, Lukas"]
[Result "1-0"]
[WhiteElo "1675"]
[BlackElo "1642"]
[PlyCount "33"]
[EventDate "2014.??.??"]
[WhiteTeam "SV 1861 Liebschwitz"]
[BlackTeam "SV Ammern"]

1. e4 d5 2. exd5 Qxd5 3. Nc3 Qa5 4. d4 Nf6 5. Bc4 c6 6. Nge2 Bg4 7. O-O e6 8.
f3 Bh5 9. Be3 Nbd7 10. a3 Bd6 11. Bf4 e5 12. Bg3 Rd8 13. Kh1 O-O 14. Ne4 Nxe4
15. fxe4 Nb6 16. Be1 Nxc4 17. Bxa5 1-0

[Event "Thüringenliga 2014/2015"]
[Site "?"]
[Date "2014.12.21"]
[Round "5"]
[White "Wehner, Janis"]
[Black "Neidig, Stefan"]
[Result "1/2-1/2"]
[WhiteElo "2167"]
[BlackElo "2154"]
[PlyCount "135"]
[EventDate "2014.??.??"]

1. c4 Nf6 2. Nc3 e5 3. g3 c6 4. Bg2 d6 5. Nf3 Be7 6. O-O O-O 7. d4 Nbd7 8. Qc2
Re8 9. e4 Bf8 10. b3 Qc7 11. Bb2 a5 12. Rad1 b5 13. cxb5 cxb5 14. Qd2 b4 15.
Nd5 Nxd5 16. exd5 e4 17. Ng5 Nf6 18. Rfe1 Bf5 19. Qf4 Qd7 20. Bxe4 Bxe4 21.
Nxe4 Nxd5 22. Qf3 f6 23. a4 Rac8 24. Nd2 Nc3 25. Bxc3 bxc3 26. Rxe8 Qxe8 27.
Nc4 Qg6 28. Rc1 c2 29. Qe2 Re8 30. Ne3 d5 31. Qxc2 Ba3 32. Qxg6 hxg6 33. Rc7
Bb2 34. Nxd5 Bxd4 35. Ne7+ Kh7 36. Kf1 Bb6 37. Rb7 Bc5 38. Nd5 Bd4 39. Rb5 Rc8
40. Ke2 Re8+ 41. Kf3 Ra8 42. Nf4 Ra6 43. Nd3 Bc3 44. Ke2 g5 45. g4 Kg6 46. Kd1
Ra8 47. Rd5 Kf7 48. Rd7+ Ke6 49. Nc5+ Ke5 50. Kc2 Bd4 51. Nd3+ Ke4 52. Kd2 f5
53. f3+ Kxf3 54. Rxd4 f4 55. h4 gxh4 56. Nxf4 g5 57. Nh3 Rg8 58. b4 axb4 59.
Rxb4 Kg3 60. Rb3+ Kxg4 61. Ke2 Ra8 62. Nf2+ Kh5 63. Rb4 Rc8 64. Kf3 Rc3+ 65.
Kg2 Rg3+ 66. Kh2 Ra3 67. Kg2 Ra2 68. Kg1 1/2-1/2

[Event "Thüringenliga 2014/2015"]
[Site "?"]
[Date "2014.12.21"]
[Round "5"]
[White "Middelhoff, Cornelius"]
[Black "Nguyen, Huy Dat"]
[Result "1-0"]
[WhiteElo "2068"]
[BlackElo "1990"]
[PlyCount "71"]
[EventDate "2014.??.??"]

1. d4 d5 2. c4 e6 3. Nc3 Nf6 4. cxd5 exd5 5. Bg5 Nbd7 6. e3 c6 7. Bd3 Be7 8.
Qc2 O-O 9. Nf3 Re8 10. O-O h6 11. Bf4 Nh5 12. Nxd5 Nxf4 13. Nxf4 Nf6 14. Bc4
Bd6 15. Nd3 b5 16. Bb3 Bf5 17. Qc3 Bxd3 18. Qxd3 Ne4 19. Rac1 Rc8 20. Rc2 a6
21. Rd1 Qf6 22. Re2 Rcd8 23. Qc2 Qg6 24. a3 Kh8 25. Kf1 Bb8 26. Rc1 Rc8 27. Qb1
Qh5 28. Qa2 Re7 29. Rec2 Bxh2 30. Rxc6 Rxc6 31. Rxc6 Bc7 32. Bd5 Nd2+ 33. Ke2
Nxf3 34. Bxf3 Qh4 35. Qd5 Kg8 36. Qc5 {ZÜ} 1-0

[Event "Thüringenliga 2014/2015"]
[Site "?"]
[Date "2014.12.21"]
[Round "5"]
[White "Kirschbaum, Gunnar"]
[Black "Rohmeiß, Roberto"]
[Result "1-0"]
[WhiteElo "2133"]
[BlackElo "2041"]
[PlyCount "67"]
[EventDate "2014.??.??"]

1. d4 Nf6 2. c4 g6 3. Nc3 Bg7 4. e4 d6 5. f4 O-O 6. Nf3 c5 7. d5 b5 8. cxb5 a6
9. b6 Qxb6 10. Be2 Bb7 11. O-O Nbd7 12. Nd2 Qc7 13. Nc4 Nb6 14. a4 Nxc4 15.
Bxc4 a5 16. Qe2 Rfb8 17. Bd2 Qd7 18. Rae1 Qg4 19. Rf3 Qc8 20. h3 Nd7 21. b3 Nb6
22. e5 dxe5 23. fxe5 e6 24. dxe6 fxe6 25. Rd3 Nxc4 26. bxc4 Qe8 27. Bg5 Bf8 28.
Qg4 Bc6 29. Nb5 Bxb5 30. cxb5 Rb6 31. Red1 Be7 32. Bxe7 Qxe7 33. Rd7 Qf8 34.
Qh4 1-0

[Event "Thüringenliga 2014/2015"]
[Site "?"]
[Date "2014.12.21"]
[Round "5"]
[White "Maiwald, Harald"]
[Black "Hausknecht, Matthias"]
[Result "1/2-1/2"]
[WhiteElo "1960"]
[BlackElo "2118"]
[PlyCount "92"]
[EventDate "2014.??.??"]

1. Nf3 Nf6 2. g3 b5 3. Bg2 Bb7 4. d3 e6 5. e4 d5 6. O-O Be7 7. Re1 O-O 8. e5
Nfd7 9. Nbd2 c5 10. Nf1 Nc6 11. h4 a5 12. Bf4 a4 13. a3 b4 14. N1h2 bxa3 15.
bxa3 Rb8 16. Ng5 h6 17. Nh3 Re8 18. Qh5 g6 19. Qxh6 Bf8 20. Qg5 Qxg5 21. Nxg5
Nd4 22. Ra2 Ba6 23. Nhf3 Nb5 24. Bd2 Rb7 25. c4 dxc4 26. dxc4 Na7 27. Rc2 Rb3
28. Bc1 Rc8 29. Nd2 Rbb8 30. Nde4 Nc6 31. Nd6 Bxd6 32. exd6 Nd4 33. Rc3 Rb3 34.
Ne4 Rb6 35. Be3 e5 36. Bg5 Kg7 37. Be7 Rb3 38. Rxb3 axb3 39. Nd2 Nc2 40. Rb1
Nxa3 41. Rxb3 Nxc4 42. Nxc4 Bxc4 43. Rb7 Be6 44. Rc7 Nb6 45. d7 Bxd7 46. Rxc8
Bxc8 1/2-1/2

[Event "Thüringenliga 2014/2015"]
[Site "?"]
[Date "2014.12.21"]
[Round "5"]
[White "Reichel, Norbert"]
[Black "Goemann, Jens"]
[Result "1/2-1/2"]
[WhiteElo "2037"]
[BlackElo "2082"]
[PlyCount "51"]
[EventDate "2014.??.??"]

1. c4 Nf6 2. Nc3 g6 3. d4 Bg7 4. Nf3 O-O 5. g3 d6 6. Bg2 c6 7. O-O Qa5 8. e4
Bg4 9. h3 Bxf3 10. Bxf3 Nfd7 11. Rb1 Qb4 12. Be2 a5 13. a3 Qb6 14. Be3 Re8 15.
b4 axb4 16. Rxb4 Qc7 17. Qb3 b6 18. Ra4 Na6 19. f4 e5 20. fxe5 dxe5 21. c5 exd4
22. Qxf7+ Kh8 23. Bf4 Ne5 24. Qxc7 Nxc7 25. Rxa8 Nxa8 26. Na4 1/2-1/2

[Event "Thüringenliga 2014/2015"]
[Site "?"]
[Date "2014.12.21"]
[Round "5"]
[White "Carnot, Luca"]
[Black "Jakob, Matthias"]
[Result "0-1"]
[WhiteElo "1631"]
[BlackElo "1931"]
[PlyCount "74"]
[EventDate "2014.??.??"]

1. Nf3 Nc6 2. d4 d6 3. Bf4 Nf6 4. c4 Bg4 5. e3 e5 6. dxe5 dxe5 7. Qxd8+ Rxd8 8.
Bg5 Bb4+ 9. Nc3 Bxc3+ 10. bxc3 O-O 11. Be2 h6 12. Bxf6 gxf6 13. O-O e4 14. Nd4
Rxd4 15. Bxg4 Rxc4 16. Rab1 b6 17. Be2 Rc5 18. c4 Ra5 19. Rb2 Rd8 20. f3 exf3
21. Rxf3 Kg7 22. Rg3+ Rg5 23. Rf3 Ne5 24. Rf1 Ng6 25. Bf3 Rc5 26. Be2 c6 27. g3
Rd6 28. Re1 Ne5 29. Rb4 Rd2 30. Ra4 a5 31. Kf1 Rb2 32. Rd1 Rb4 33. Rxb4 axb4
34. Rd4 Ra5 35. Rd2 Ra3 36. Kf2 Rc3 37. Rd6 Rc2 0-1

[Event "Thüringenliga 2014/2015"]
[Site "?"]
[Date "2014.12.21"]
[Round "5"]
[White "Sunderbrink, Heino"]
[Black "Schmidt, Matthias"]
[Result "0-1"]
[WhiteElo "1969"]
[BlackElo "1945"]
[PlyCount "106"]
[EventDate "2014.??.??"]

1. Nf3 Nf6 2. c4 g6 3. b4 Bg7 4. Bb2 O-O 5. g3 b6 6. Bg2 Bb7 7. O-O c5 8. a3
Nc6 9. b5 Na5 10. d3 d5 11. cxd5 Bxd5 12. Nc3 Bb3 13. Qb1 Rc8 14. Re1 Qc7 15.
Nd2 Be6 16. Nce4 Nxe4 17. Nxe4 f6 18. Bc3 Nb7 19. Qb2 Kh8 20. Ng5 Bd7 21. Bd5
Nd8 22. Bc4 e5 23. Nf3 Be6 24. Nd2 Bh3 25. Bd5 Ne6 26. Nc4 Qd7 27. Bh1 Nd4 28.
a4 Be6 29. e3 Nf5 30. Red1 Nd6 31. Nxd6 Qxd6 32. a5 Bd5 33. axb6 axb6 34. Bxd5
Qxd5 35. Ra6 Qb7 36. Rda1 Ra8 37. Qa2 Rxa6 38. Qxa6 Qc7 39. Qa7 Qd6 40. Rd1 f5
41. Rd2 Bf6 42. Qb7 Rd8 43. Ra2 Rd7 44. Ra8+ Kg7 45. Qc8 Kh6 46. Qb8 Qxd3 47.
Qxb6 Qd1+ 48. Kg2 Qd5+ 49. Kh3 Rd6 50. Qa5 g5 51. e4 Qxe4 52. Bd2 Rxd2 53. Qxd2
Qxa8 0-1